MARC

LEADER 00000nam0a2200000 4500
001 72477
005 20231031083441.0
010 |a 5754401698 
035 |a (RuTPU)RU\TPU\book\77284 
090 |a 72477 
100 |a 20050125d2001 k y0rusy50 ca 
101 0 |a rus 
102 |a RU 
105 |a a z 001zy 
200 1 |a Очистка вод различных типов для использования в системе ППД  |f В. П. Тронов, А. В. Тронов  |g Академия наук республики Татарстан 
210 |a Казань  |c Фән  |d 2001 
215 |a 558 с.  |c ил. 
320 |a Библиогр.: с. 530-548 
610 1 |a нефтяные месторождения 
610 1 |a заводнение 
610 1 |a вода 
610 1 |a качество 
610 1 |a ППД 
610 1 |a пластовое давление 
610 1 |a эффективность 
610 1 |a совершенствование 
610 1 |a пластовые воды 
610 1 |a сброс 
610 1 |a пресные воды 
610 1 |a водоподготовка 
610 1 |a сбор 
610 1 |a очистка 
610 1 |a сточные воды 
610 1 |a отстаивание 
610 1 |a фильтрация 
610 1 |a флотационные методы 
610 1 |a автофлотация 
610 1 |a поверхностные эффекты 
610 1 |a мультигидроциклоны 
610 1 |a ультразвуковые генераторы 
610 1 |a химические реагенты 
610 1 |a деаэрация 
610 1 |a отечественный опыт 
610 1 |a зарубежный опыт 
675 |a 622.276.43  |v 3 
675 |a 628.16  |v 3 
700 1 |a Тронов  |b В. П.  |g Валентин Петрович 
701 1 |a Тронов  |b А. В.  |g Анатолий Валентинович 
712 0 2 |a Академия наук республики Татарстан  |2 stltpush  |3 (RuTPU)RU\TPU\col\5168 
801 1 |a RU  |b 63413507  |c 20050125  |g PSBO 
801 2 |a RU  |b 63413507  |c 20120418  |g PSBO 
942 |c BK